5 Seconds of Summer (5SOS) - Start Over - All lyrics - Statistics

General Stats
  • This quiz has been taken 76 times
  • The average score is 205 of 232
Answer Stats
Answer % Correct
I
98%
(I
98%
over
98%
over)
98%
(Over)
98%
start
98%
(Start
98%
do
95%
Don't
95%
don't
95%
leave,
95%
when
95%
you
95%
you?
95%
wanna
93%
fall
90%
falling
90%
my
90%
on
90%
shoulder
90%
tears
90%
your
90%
Your
90%
Can't
88%
can't
88%
know
88%
see
88%
anything
85%
(Anything)
85%
for
85%
hard
85%
every
83%
Oh,
83%
Oh
83%
(Ooh)
83%
that
83%
the
83%
I'd
80%
street
80%
thing
80%
light
78%
sleep
78%
closed
76%
eyes
76%
only
76%
is
73%
sound
73%
to
73%
with
73%
away
71%
but
71%
like
71%
way
71%
find
68%
could
66%
was
66%
Watching
66%
face
63%
reason
63%
slipping
61%
stay,
61%
me
59%
things
59%
if
56%
Wishing
56%
Chasing
54%
not
54%
replace
54%
Tell
51%
Might
46%
even
34%
we're
32%
No matching quizzes found
Score Distribution
Percent of People with Each Score
Percentile by Number Answered
Your Score History
You have not taken this quiz